|
|
|
|
| LEADER |
00999nam a2200253 a 4500 |
| 001 |
GR-Patra25049 |
| 008 |
030421s2004 mau e 001 b eng d |
| 020 |
|
|
|a 007253317X
|
| 044 |
|
|
|b ma
|
| 082 |
|
0 |
|a 332.632042
|2 22
|
| 100 |
1 |
|
|a Penman, Stephen H.
|
| 245 |
1 |
0 |
|a Financial statement analysis and security valuation /
|c Stephen H. Penman.
|
| 250 |
|
|
|a 2nd ed.
|
| 260 |
|
|
|a Boston :
|b McGraw-Hill,
|c c2004
|
| 300 |
|
|
|a xxiii, 740 σ. :
|b εικ.
|
| 500 |
|
|
|a "Αρχιμήδης ΙΙ" Μέτρο 2.2., Υποέργο 2
|
| 500 |
|
|
|a Περιλαμβάνει ευρετήριο.
|
| 610 |
0 |
4 |
|a Αρχιμήδης ΙΙ.
|b Μέτρο 2.2., Υποέργο 2
|
| 650 |
|
0 |
|a Financial statements
|
| 710 |
0 |
|
|a McGraw-Hill
|
| 942 |
|
|
|2 ddc
|
| 952 |
|
|
|0 0
|1 0
|2 ddc
|4 0
|6 332_632042000000000_PEN
|7 0
|9 306478
|a LISK
|b LISK
|c BSC
|d 2021-01-17
|e 24
|f 1
|g 0.00
|l 0
|o 332.632042 PEN
|p 92410038784
|r 2021-01-17 00:00:00
|t 1
|w 2021-01-17
|y BK15
|x 20080407 0 1
|x GrPaTEI
|
| 971 |
|
|
|a .b2672621x
|b 08-10-20
|c 26-09-16
|
| 999 |
|
|
|c 177096
|d 177096
|